01076cam a2200277 450000100060000000300080000600500170001400800410003102000150007203500190008704000320010604100080013808200200014610000390016624502000020526000360040530000210044150400630046265000400052565000190056565000220058465000230060694200120062999900170064195201400065811333BD-RjUL20211208235116.0140126s1951 e b 001 0 eng d a083712090X a(BD-RjUL)11382 aDLCcDLCdDLCdBD-RjULbeng aeng00a157.7bEIM 19511 aEisler, Robert,d1882-1949.93504210aMan into wolf:ban anthropological interpretation of sadism, masochism, and lycanthropy; a lecture delivered at a meeting of the Royal Society of Medicine.cWith an introd. by David K. Henderson. aLondon:bBroadway House,c 1951 a286 p. ;c22 cm. aBibliographical references included in "Notes" (p. 53-245) 0aPainxPsychological aspects.935043 0aSadism.935044 0aMasochism.935045 0aWerewolves.935046 2ddccBK c11333d11333 00102ddc40718NFICaRUCLbRUCLcReadingd1955-09-20eB.H.BLAKWELLg1.15l0o157.7 EIM 1951r2014-01-26 00:00:00tC-1w2014-01-26yBK